000 00919nam a2200253 i 4500
003 DO-SdBNP
005 20250618150442.0
007 ta
008 250618s1995 dr r 000 0 spa d
040 _aDO-SdBNP
_bspa
_cBNPHU
_erda
082 _axxx
_bS232
_222
100 1 _aSantana Polanco, Víctor A.,
_d1965-
_eautor
_4aut.
_916567
245 1 0 _aMonografía - Jurisprudencia :
_bel recurso de revisión por causa de fraude (jurisprudencia en materia de tierras) /
_cVíctor A. Santana Polanco
246 1 3 _aEl recurso de revisión por causa de fraude
_bjurisprudencia en materia de tierras /
250 _aPrimera edición
264 _aSanto Domingo :
_bEditora Corripio,
_c1995.
300 _a25 páginas
_c22 cm.
336 _atexto
_btxt
_2rdacontent
337 _asin mediación
_bn
_2rdamedia
338 _avolumen
_bnc
_2rdacarrier
590 _aInventariado, 2025/ YL
910 _aYLockward
942 _2ddc
_cLF2
999 _c59330
_d59330